[Event "La Palma Island op"]
[White "Olive Garcia, Victor"]
[Black "Calzetta Ruiz, Monica"]
[Site "Santa Cruz de La Palma"]
[Round "3"]
[Result "1/2-1/2"]
[Date "2024.08.04"]
[WhiteElo "1838"]
[BlackElo "2220"]
[PlyCount "164"]
[EventDate "2024.08.02"]
[EventType "swiss"]
[EventRounds "10"]
[EventCountry "ESP"]
[SourceTitle "CBM 221 Extra"]
[Source "ChessBase"]
[SourceDate "2024.09.30"]
[SourceVersion "1"]
[SourceVersionDate "2024.09.30"]
[SourceQuality "1"]

1. d4 Nf6 2. c4 c5 3. d5 b5 4. cxb5 a6 5. bxa6 g6 6. Nc3 Bxa6 7. g3 d6 8. Bg2 Bg7 9. Nf3 Nbd7 10. Rb1 Nb6 11. b3 Bb7 12. Nh4 0-0 13. Bb2 Qd7 14. 0-0 h6 15. e4 Ra7 16. Qd2 Rfa8 17. a3 Ne8 18. Rfc1 Nc7 19. Bf1 Ba6 20. Bxa6 Rxa6 21. Qd3 Qh3 22. Ng2 Nd7 23. Nf4 Ne5 24. Qe2 Qd7 25. b4 cxb4 26. axb4 Rb6 27. Ba1 Rab8 28. Na2 Na6 29. Bxe5 Bxe5 30. Nd3 Bg7 31. Rc4 Nc7 32. Nc3 Ra8 33. Qc2 Rb7 34. Rc6 Kh7 35. Na4 Nb5 36. Nb6 Rxb6 37. Rxb6 Na3 38. Qa2 Qd8 39. Rb3 Qxb6 40. Rxa3 Rc8 41. Rb3 Rc4 42. Qe2 Bd4 43. Kg2 Qb5 44. Nb2 Bxb2 45. Rxb2 Kg7 46. f3 h5 47. h4 Kf6 48. Rb3 Kg7 49. Qb2+ f6 50. Qe2 Kf7 51. Rb2 Kg7 52. Qd3 Kf7 53. g4 hxg4 54. fxg4 Kg7 55. h5 Qa6 56. Rc2 Rxc2+ 57. Qxc2 gxh5 58. gxh5 Kh6 59. e5 Kxh5 60. exf6 exf6 61. Qf5+ Kh6 62. Qxf6+ Kh7 63. Qf7+ Kh6 64. Qe6+ Kg5 65. Qe3+ Kf5 66. Kg3 Kf6 67. Qe6+ Kg7 68. Qe4 Qb6 69. Kf3 Qc7 70. Kf4 Qc1+ 71. Kf5 Qc8+ 72. Kg5 Qc1+ 73. Kf5 Qc8+ 74. Kf4 Qc1+ 75. Kf3 Qh1+ 76. Ke3 Qe1+ 77. Kd3 Qb1+ 78. Ke3 Qe1+ 79. Kf4 Qh4+ 80. Kf5 Qh5+ 81. Ke6 Qe8+ 82. Kf5 Qh5+ 1/2-1/2

[Event "Fuerteventura-ch"]
[White "Olive Garcia, Victor"]
[Black "Akeva Davila, Tom"]
[Site "Puerto del Rosario"]
[Round "5.1"]
[Result "0-1"]
[Date "2023.04.15"]
[WhiteElo "1428"]
[BlackElo "1412"]
[PlyCount "106"]
[EventDate "2023.03.25"]
[EventType "swiss"]
[EventRounds "7"]
[EventCountry "ESP"]
[SourceTitle "EXT 2024"]
[Source "ChessBase"]
[SourceDate "2023.10.10"]
[SourceVersion "1"]
[SourceVersionDate "2023.10.10"]
[SourceQuality "1"]

1. c4 e5 2. g3 Nc6 3. Bg2 Bc5 4. e3 d6 5. Nc3 a6 6. Nge2 Ba7 7. d4 h6 8. Bxc6+ bxc6 9. dxe5 Be6 10. Nd4 Bxd4 11. Qxd4 c5 12. Qe4 Ne7 13. exd6 cxd6 14. 0-0 0-0 15. Rd1 Ra7 16. b3 Ng6 17. Qc6 Qf6 18. Bb2 Ne5 19. Qg2 Bg4 20. Ne4 Nf3+ 21. Kh1 Qxb2 22. h3 Nh4 23. gxh4 Bxd1 24. Rxd1 Qc2 25. Rxd6 f5 26. Nxc5 Qb1+ 27. Kh2 Qb2 28. Nd7 Rf7 29. c5 Raxd7 30. Rxa6 Qe5+ 31. Qg3 Qxc5 32. Rxh6 Qc7 33. Ra6 Qxg3+ 34. Kxg3 Ra7 35. Ra4 Rxa4 36. bxa4 Ra7 37. Kf4 Rxa4+ 38. Kxf5 Rxh4 39. a4 Rxa4 40. Kg5 Ra2 41. f3 Ra5+ 42. Kg4 Kf7 43. f4 Kf6 44. e4 g6 45. h4 Ra4 46. Kf3 Ra1 47. Kg4 Re1 48. Kf3 Rg1 49. Kf2 Rg4 50. Kf3 Rxh4 51. Kg3 Rh8 52. Kg4 Rh1 53. Kf3 Re1 0-1

[Event "Canarias-ch U18"]
[White "Olive Garcia, Victor"]
[Black "Diaz Perez, Michel Alejandro"]
[Site "Brena Baja"]
[Round "3"]
[Result "0-1"]
[Date "2022.06.02"]
[WhiteElo "1285"]
[BlackElo "2439"]
[PlyCount "116"]
[EventDate "2022.06.01"]
[EventType "swiss"]
[EventRounds "6"]
[EventCountry "ESP"]
[SourceTitle "CBM 208 Extra"]
[Source "ChessBase"]
[SourceDate "2022.07.31"]
[SourceVersion "1"]
[SourceVersionDate "2022.07.31"]
[SourceQuality "1"]

1. d4 d5 2. Nf3 Nf6 3. e3 e6 4. Bd3 c5 5. c3 Bd6 6. Nbd2 Nbd7 7. Qe2 0-0 8. 0-0 e5 9. dxe5 Nxe5 10. Nxe5 Bxe5 11. Nf3 Bd6 12. h3 Qc7 13. c4 dxc4 14. Bxc4 a6 15. a4 Bf5 16. b3 h6 17. Bb2 Nd7 18. Rfd1 Ne5 19. Nxe5 Bxe5 20. Rac1 Bxb2 21. Qxb2 Rad8 22. Qe2 Qe7 23. Rxd8 Rxd8 24. Rd1 Rxd1+ 25. Qxd1 Qd7 26. Qxd7 Bxd7 27. Kf1 b5 28. axb5 axb5 29. Bd5 Kf8 30. Ke2 Ke7 31. Kd3 f6 32. Bf3 Kd6 33. Bd1 Be6 34. e4 Ke5 35. Ke3 g5 36. Bc2 h5 37. Bd1 h4 38. f3 c4 39. bxc4 Bxc4 40. Bc2 b4 41. Ba4 b3 42. Kd2 Kd4 43. Bd7 Bd3 44. Be6 b2 45. Ba2 b1Q 46. Bxb1 Bxb1 47. Ke2 Ke5 48. Ke3 Ba2 49. f4+ gxf4+ 50. Kf3 Be6 51. g3 fxg3 52. Kg2 Kxe4 53. Kg1 Bxh3 54. Kh1 f5 55. Kg1 f4 56. Kh1 f3 57. Kg1 f2+ 58. Kh1 f1Q# 0-1